|
|
|
|
| LEADER |
00000nab a2200000 a 4500 |
| 001 |
vtls000211487 |
| 003 |
SK-MaSNL |
| 005 |
20260302203847.0 |
| 008 |
220422c1985 xo 0 slo |
| 015 |
|
|
|a SNBRB19rr/mm-uuuuu
|
| 035 |
|
|
|a CL0221601
|
| 040 |
|
|
|a SNKBUCL
|b slo
|c SNKBUCL
|e AACR2
|
| 041 |
0 |
|
|a slo
|
| 044 |
|
|
|a xo
|c SK
|
| 080 |
|
|
|a 614.842.8:061.25
|2 1981
|
| 080 |
|
|
|a 061.25
|2 1981
|
| 245 |
0 |
0 |
|a V súlade s potrebami vývoja spoločnosti
|b Zo správy o stave ideovovýchovnej práce v ZPO prednesenej na 5. zasadaní FV ZPO ČSSR
|
| 300 |
|
|
|b Obr. 4.
|
| 650 |
0 |
7 |
|a Zväz požiarnej ochrany ČSSR
|2 snkbucl
|9 921603
|
| 655 |
|
7 |
|a články z novín a časopisov
|2 snkbucl
|9 267496
|
| 773 |
0 |
|
|t Požiarnik
|g Roč. 62, č. 4 (1985), s. 4-5
|
| 850 |
|
|
|a Slovenská národná knižnica v Martine
|a MTA001
|
| 852 |
|
|
|a SNK
|b KIS3GCP
|
| 957 |
|
|
|a 3100
|
| 958 |
|
|
|a RK
|
| 958 |
|
|
|a ME
|
| 992 |
|
|
|a RBX
|
| 999 |
|
|
|c 1470921
|d 1472851
|